000 00286nam a22001337a 4500
008 181015b xxu||||| |||| 00| 0 eng d
020 _a2900534597695
041 _aeng
080 _26th
_a159.9
100 _a49
101 _aPSI
245 _aPsychology
_cWeiten, W
942 _2udc
_cBK
999 _c49755
_d49755